000
00253nam a2200097Ia 4500
001
683556
005
20250826161441.0
008
250824s9999 xx 000 0 und d
245
0
_a
DÖRT DÖRTLÜK İŞLEMLER
_c
KJARTAN POSKİTT
260
_b
TİMAŞ YAYINLARI
999
_c
683556
_d
683556